Armstrong´s handbook of performance management : an evidence-based gGuide to delivering high performance /

Uložené v:
Podrobná bibliografia
Hlavný autor: Armstrong, Michael (Autor)
Médium: Kniha
Jazyk:English
Vydavateľské údaje: London KoganPage 2018
Vydanie:6th ed.
Predmet:
Tagy: Pridať tag
Žiadne tagy, Buďte prvý, kto otaguje tento záznam!

MARC

LEADER 00000nam a22000003a 4500
001 0090670
003 SK-STU
005 20211006083752.5
007 ta
008 211006s ----xo-----e------000-0-----d
020 |a 978-0-7494-8120-9 
040 |a STU  |b slo 
041 0 |a eng 
044 |a xxk 
100 1 |a Armstrong, Michael  |4 aut 
245 1 0 |a Armstrong´s handbook of performance management :  |b an evidence-based gGuide to delivering high performance /  |c aut. Michael Armstrong 
250 |a 6th ed. 
260 |a London  |b KoganPage  |c 2018 
300 |a 257 s. 
650 0 7 |a pracovný výkon 
650 0 7 |a hodnotenie pracovníkov 
996 |b 284M088845  |c M* 14498-1  |l MMKN  |s A  |a 24  |w 0090670_0001